000 00886cam a22002414a 4500
001 13429101
005 20251122180743.0
008 031208s2004 nyuab b 001 0 eng
020 _a0071425314
_qalk. paper
020 _a9780071425315
_q(alk. paper)
050 0 0 _aTD485
_b.W377 2004
082 0 0 _a363.6/1/0289
_222
245 0 0 _aWater supply systems security /
_cLarry W. Mays, editor-in-chief.
260 _aNew York :
_bMcGraw-Hill,
_cc2004.
300 _a1 v. (various pagings) :
_bill., maps ;
_c24 cm.
650 0 _aWaterworks
_xSecurity measures.
650 0 _aWater-supply
_xSecurity measures.
650 0 _aTerrorism
_xPrevention.
700 1 _aMays, Larry W.
856 4 2 _3Contributor biographical information
_uhttp://www.loc.gov/catdir/bios/mh042/2004049065.html
856 4 1 _3Table of contents
_uhttp://www.loc.gov/catdir/toc/mh041/2004049065.html
942 _2lcc
_cBK
_n0
999 _c8363
_d8363